000 00619nam a2200229Ia 4500
005 20250508165350.0
008 008 250505s9999 xx 000 0 eng d
020 _a978-1-4443-3692-4
037 _aReference
040 _aFEDL
_beng
_cFEDL
041 _aeng
_2eng
084 _a302.201, GRI/RR
_qFEDL
100 _aGriffin EM
_9780624
245 0 _aFirst look at communication theory
250 _a6
260 _aNew York, USA
_bMcGraw Hill
_c2006
300 _axx, 526p.
365 _aUSD
_b118.95
546 _aCD Inculded
942 _cREF
_h302.201, GRI/RR
999 _c1394685
_d1394685